| 000 | 00881nam a2200253 4500 | ||
|---|---|---|---|
| 003 | OSt | ||
| 005 | 20240614005607.0 | ||
| 006 | a | ||
| 008 | 240614b |||||||| |||| 00| 0 eng d | ||
| 020 | _a9781412964593 | ||
| 040 |
_aDWCL-Main lib. _cOC |
||
| 082 | _aCirc. 372.677 T476s 2009 | ||
| 100 | _aThompson, Susan Conklin | ||
| 245 | _aTelling stories with photo essays : a guide for preK-5 teachers / | ||
| 260 |
_aCalifornia : _bCorwin Press, _cc2009. |
||
| 300 |
_avii, _b140 p. : b & w ill. ; _c26 cm. |
||
| 504 | _aIncludes bibliographical references & index. | ||
| 650 | _a1. Storytelling–Study and teaching (Elementary). | ||
| 650 | _a2. Photography–Study and teaching (Elementary). | ||
| 650 | _a3. Storytelling–Pictorial works. | ||
| 650 | _a4. Storytelling ability in children. | ||
| 700 | _aSusan Conklin Thompson | ||
| 942 |
_2ddc _n0 _cBK-CIRC _kCirc. |
||
| 999 |
_c659 _d659 |
||